| 000 | 00669nas a2200241 4500 | ||
|---|---|---|---|
| 001 | BR9201041 | ||
| 003 | BR-BrBNA | ||
| 005 | 20231205092337.0 | ||
| 007 | ta | ||
| 008 | 230509b bl.|||p| |||| 00| 00por d | ||
| 040 |
_aBR-BrBNA _bpor _cBiblioteca Nacional de Agricultura |
||
| 041 | _a(Pt) | ||
| 072 | _aF04 | ||
| 100 | 1 | _aSalles Junior, J. | |
| 245 | 1 | _aAnalise foliar baixa o custo da adubacao | |
| 650 | _aADUBACAO | ||
| 650 | _aANALISE FOLIAR | ||
| 650 | _aNUTRICAO VEGETAL | ||
| 650 | _aPRATICO | ||
| 773 | 0 |
_tCerrado (Brazil) _xISSN 0100-0578 _g(Sep 1970), v. 3(9) p. 4-7 _wBR9201041 |
|
| 909 |
_a202311 _bLúcia _c55 _dLúcia Elande |
||
| 942 |
_2AGRIS _n0 _cANA |
||
| 999 |
_c131066 _d131066 |
||